| 000 | 00632nam a22002297a 4500 | ||
|---|---|---|---|
| 003 | OSt | ||
| 005 | 20140310181954.0 | ||
| 008 | 121122t xxu||||| |||| 00| 0 eng d | ||
| 020 | _a0553158813 | ||
| 050 |
_aPZ 7 _b.St849 1991 |
||
| 082 |
_aKF _bSt4sv #18 |
||
| 100 |
_aStewart, Molly Mia _93765 |
||
| 245 |
_aBossy Steven / _cMolly Mia Stewart. |
||
| 260 |
_aNew York : _bBantam Books, _cc1991. |
||
| 300 |
_a70 p. : _bill. ; _c20 cm. |
||
| 541 | _j1 | ||
| 562 | _e1 | ||
| 650 |
_a Twins _xFiction. _94518 |
||
| 650 |
_aBrothers and sisters _xFiction. _94519 |
||
| 650 |
_aSchools _xFiction. _94520 |
||
| 942 |
_2lcc _cBK-KF _kKF |
||
| 999 |
_c7904 _d7904 |
||